Catálogo público

Efecto del año y estación de empadre en el comportamiento productivo de ovejas pelibuey y sus crías en la Huasteca Potosina \ Uriel Añorve Vargas y Marco Antonio González Chávez (Record no. 169887)

MARC details
000 -CABECERA
campo de control de longitud fija 01406nam a2200373Ia 4500
001 - NÚMERO DE CONTROL
campo de control Z_6616
003 - IDENTIFICADOR DEL NÚMERO DE CONTROL
campo de control CHAP
005 - FECHA Y HORA DE LA ÚLTIMA TRANSACCIÓN
campo de control 20230630123715.0
008 - DATOS DE LONGITUD FIJA--INFORMACIÓN GENERAL
campo de control de longitud fija 220113s2014 xx 000 0 und d
010 ## - NÚMERO DE CONTROL DE LA BIBLIOTECA DEL CONGRESO
Número de control de LC 169887
040 ## - FUENTE DE LA CATALOGACIÓN
Centro/agencia transcriptor CHAP
090 ## - LOCALMENTE ASIGNADO TIPO-LC NÚMERO DE CLASIFICACIÓN (OCLC); NÚMERO DE CLASIFICACIÓN LOCAL (RLIN)
Número de clasificación (OCLC) (R) ; Numero de clasificación, CALL (RLIN) (NR) Tesis A67 2348
100 ## - ENTRADA PRINCIPAL--NOMBRE DE PERSONA
Nombre de persona Añorve Vargas, Uriel
9 (RLIN) 128861
245 ## - MENCIÓN DE TÍTULO
Título Efecto del año y estación de empadre en el comportamiento productivo de ovejas pelibuey y sus crías en la Huasteca Potosina \ Uriel Añorve Vargas y Marco Antonio González Chávez
260 ## - PUBLICACIÓN, DISTRIBUCIÓN, ETC.
Lugar de publicación, distribución, etc. México :
Nombre del editor, distribuidor, etc. El autor,
Fecha de publicación, distribución, etc. 2014
300 ## - DESCRIPCIÓN FÍSICA
Extensión 40 p.
502 ## - NOTA DE TESIS
Nota de tesis Tesis (Ingeniro Agrónomo Especialista en Zootecnia) -- UACh, 2014 \ Dirección: Alejandro Lara Bueno; asesoría: José Guadalupe García Muñiz y Agustín Ruíz Flores
650 ## - PUNTO DE ACCESO ADICIONAL DE MATERIA--TÉRMINO DE MATERIA
Término de materia o nombre geográfico como elemento de entrada Ganado Ovino
9 (RLIN) 139065
650 ## - PUNTO DE ACCESO ADICIONAL DE MATERIA--TÉRMINO DE MATERIA
Término de materia o nombre geográfico como elemento de entrada Intervalo entre partos
9 (RLIN) 145372
650 ## - PUNTO DE ACCESO ADICIONAL DE MATERIA--TÉRMINO DE MATERIA
Término de materia o nombre geográfico como elemento de entrada Peso al nacer
9 (RLIN) 145373
650 ## - PUNTO DE ACCESO ADICIONAL DE MATERIA--TÉRMINO DE MATERIA
Término de materia o nombre geográfico como elemento de entrada Raza pelibuey
9 (RLIN) 145032
650 ## - PUNTO DE ACCESO ADICIONAL DE MATERIA--TÉRMINO DE MATERIA
Término de materia o nombre geográfico como elemento de entrada Tipo de partos
9 (RLIN) 145374
650 ## - PUNTO DE ACCESO ADICIONAL DE MATERIA--TÉRMINO DE MATERIA
Término de materia o nombre geográfico como elemento de entrada Trópico seco
9 (RLIN) 145375
700 ## - PUNTO DE ACCESO ADICIONAL--NOMBRE DE PERSONA
Nombre de persona García Muniz, José Guadalupe, asesor
700 ## - PUNTO DE ACCESO ADICIONAL--NOMBRE DE PERSONA
Nombre de persona Lara Bueno, Alejandro, director
9 (RLIN) 145294
700 ## - PUNTO DE ACCESO ADICIONAL--NOMBRE DE PERSONA
Nombre de persona Ruíz Flores, Agustín, asesor
9 (RLIN) 142674
700 ## - PUNTO DE ACCESO ADICIONAL--NOMBRE DE PERSONA
Nombre de persona González Chávez, Marco Antonio, coaut.
9 (RLIN) 145376
856 42 - LOCALIZACIÓN Y ACCESO ELECTRÓNICOS
Identificador Uniforme del Recurso <a href="http://10.13.5.2/tesis/sist111056.pdf">http://10.13.5.2/tesis/sist111056.pdf</a>
Texto de enlace Descargar PDF
901 ## - ELEMENTOS DE DATOS A LOCAL LDA (RLIN)
a TESIS A67 2348
902 ## - ELEMENTOS DE DATOS B LOCAL, LDB (RLIN)
a M
910 ## - DATOS DE OPCIÓN DEL USUARIO (OCLC)
Datos de opción del usuario 2014
942 ## - ELEMENTOS DE PUNTO DE ACCESO ADICIONAL (KOHA)
Tipo de ítem Koha Tesis_
Fuente del sistema de clasificación o colocación Dewey Decimal Classification
942 ## - ELEMENTOS DE PUNTO DE ACCESO ADICIONAL (KOHA)
Tipo de ítem Koha Tesis_
Fuente del sistema de clasificación o colocación Dewey Decimal Classification
Holdings
Estado de retiro Estado de pérdida Fuente del sistema de clasificación o colocación Estado dañado No para préstamo Código de colección Localización permanente Ubicación/localización actual Fecha de adquisición Fuente de adquisición Total de préstamos Signatura topográfica completa Código de barras Fecha visto por última vez Número de copia Precio válido a partir de Tipo de ítem Koha Información codificada de la localización en otra ubicación Restricciones de uso
    Clasificación Universidad Autónoma de Chapingo   Excluido de préstamo Tesis Zootecnia Zootecnia 24/08/2015 El autor   Tesis A67 2348 z_T 4221 18/01/2022 1 18/01/2022 CD    
    Clasificación Universidad Autónoma de Chapingo   Excluido de préstamo Tesis Zootecnia Zootecnia 24/08/2015 El autor   Tesis A67 2348 z_T 4222 18/01/2022 2 18/01/2022 CD  
    Clasificación Universidad Autónoma de Chapingo     Tesis Zootecnia Zootecnia 24/08/2015 El autor   Tesis A67 2348 z_T 4223 18/01/2022 3 18/01/2022 Tesis   Préstamo 5 días
    Clasificación Universidad Autónoma de Chapingo     Tesis Zootecnia Zootecnia 24/08/2015 El autor   Tesis A67 2348 z_T 4224 18/01/2022 4 18/01/2022 Tesis   Préstamo 5 días